000 00204 a2200097 4500
001 4269
100 _aJacobsen,L.D
245 _aEngineering vibrations
260 _a
_bMcgrawhill
_c
090 _c3486
_d3486
942 _aNUST-CAE
_cM
_c27624
999 _c239342
_d239342